[Event "Hungarian National Open 2013"]
[Site "Zalakaros HUN"]
[Date "2013.05.22"]
[Round "1"]
[White "Berczes,D"]
[Black "Varga,Me"]
[Result "1-0"]
[WhiteElo "2532"]
[BlackElo "2213"]

1.d4 d5 2.c4 c6 3.Nc3 Nf6 4.e3 e6 5.Nf3 Nbd7 6.Qc2 Bd6 7.Bd3 dxc4 8.Bxc4 b5
9.Be2 Bb7 10.O-O O-O 11.e4 e5 12.dxe5 Nxe5 13.Nd4 b4 14.Na4 Neg4 15.g3 Qd7
16.Nf5 g6 17.Nxd6 Qxd6 18.Qc5 Qxc5 19.Nxc5 Bc8 20.Bf4 Re8 21.Rfd1 Nh5 22.Bd2 a5
23.f3 Ngf6 24.g4 Ng7 25.Bg5 Nd5 26.exd5 Rxe2 27.dxc6 Re5 28.Rd8+ Re8 29.Rad1 Be6
30.c7  1-0

[Event "Hungarian National Open 2013"]
[Site "Zalakaros HUN"]
[Date "2013.05.22"]
[Round "1"]
[White "Banusz,T"]
[Black "Erdos,B"]
[Result "1-0"]
[WhiteElo "2592"]
[BlackElo "2225"]

1.c4 Nf6 2.Nf3 c6 3.Nc3 d5 4.e3 e6 5.d4 Nbd7 6.Qc2 Be7 7.Bd3 dxc4 8.Bxc4 b5
9.Bd3 Bb7 10.O-O a6 11.e4 c5 12.e5 Nd5 13.Be4 Nb4 14.Qe2 Bxe4 15.Qxe4 cxd4
16.Nxd4 Nc5 17.Qg4 Kf8 18.Rd1 Qc7 19.Qf3 Rd8 20.a3 Rxd4 21.Rxd4 Nc6 22.Rd1 h5
23.Be3 Nb3 24.Rab1 g6 25.Qe4 Kg7 26.Qc2 Nba5 27.Ne4 Nc4 28.Bf4 Qb6 29.Qc3 h4
30.Nd6 Nxd6 31.exd6+ Bf6 32.Qe3 Qb7 33.h3 Rh5 34.Rbc1 Nd8 35.Rc7 Qa8 36.Rc5  1-0

[Event "Chess Ladies Vienna"]
[Site "Vienna AUT"]
[Date "2013.05.23"]
[Round "6.5"]
[White "Savina,A"]
[Black "Kopinits,A"]
[Result "1-0"]
[WhiteElo "2363"]
[BlackElo "2254"]

1.d4 d5 2.c4 c6 3.Nc3 Nf6 4.e3 e6 5.Nf3 Nbd7 6.Qc2 Bd6 7.Bd3 O-O 8.O-O dxc4
9.Bxc4 b5 10.Bd3 Bb7 11.e4 e5 12.Rd1 Qc7 13.h3 a6 14.Bg5 c5 15.dxc5 Bxc5
16.Nd5 Nxd5 17.exd5 g6 18.Be7 Rfe8 19.d6 Qb6 20.Ng5 Rxe7 21.dxe7 Nf6 22.Bxg6 hxg6
23.Qb3 Nd5 24.Rxd5 Bxf2+ 25.Kh1 Kg7 26.Rd8 Rxd8 27.exd8=Q Qxd8 28.Qxf7+ Kh6
29.Ne6 Bxg2+ 30.Kxg2 Qd5+ 31.Kxf2 Qd2+ 32.Kg1 Qe3+ 33.Qf2  1-0

[Event "Chicago Open 2013"]
[Site "Wheeling USA"]
[Date "2013.05.23"]
[Round "1.31"]
[White "Chiang,S"]
[Black "Mulyar,M"]
[Result "0-1"]
[WhiteElo "2098"]
[BlackElo "2383"]

1.d4 d5 2.c4 c6 3.Nf3 Nf6 4.Nc3 e6 5.e3 Nbd7 6.Bd3 dxc4 7.Bxc4 b5 8.Bd3 Bb7
9.O-O a6 10.e4 c5 11.d5 c4 12.Bc2 Qc7 13.dxe6 fxe6 14.Nd4 Nc5 15.Be3 e5 16.Nf5 g6
17.Nh6 Bg7 18.Bg5 Ne6 19.Bxf6 Bxf6 20.Nd5 Qg7 21.Nxf6+ Qxf6 22.Ng4 Qg5 23.Qd6 Qxg4
24.Qxe5 Ke7 25.f4 Rhf8 26.Rf2 Rxf4 27.Bd1 Qh4 28.g3 Rxe4 29.Qxe6+ Kxe6 30.gxh4 Re1+
31.Rf1 Rxf1+ 32.Kxf1 Rf8+ 33.Ke1 Rf4 34.h3 Bf3 35.h5 gxh5 36.Bc2 Bg2 37.Ke2 Bxh3
38.Bxh7 Bg4+ 39.Ke3 Rf3+ 40.Kd4 Bf5 41.Re1+ Kd6 42.Bxf5 Rxf5 43.Rg1 Rf4+
44.Ke3 Rg4 45.Rd1+ Kc5 46.Rd2 h4 47.Kf3 Rg3+ 48.Kf2 Rd3 49.Re2 h3 50.a3 a5  0-1

[Event "22nd TCh-CRO Cup 2013"]
[Site "Bol na Bracu CRO"]
[Date "2013.05.24"]
[Round "4.11"]
[White "Kozul,Z"]
[Black "Saric,Iv"]
[Result "1/2-1/2"]
[WhiteElo "2624"]
[BlackElo "2622"]

1.d4 d5 2.c4 c6 3.Nf3 Nf6 4.Nc3 e6 5.e3 Nbd7 6.Be2 dxc4 7.a4 Bd6 8.Nd2 O-O
9.Nxc4 Bc7 10.a5 e5 11.Bf3 Re8 12.dxe5 Nxe5 13.Nxe5 Qxd1+ 14.Nxd1 Bxe5 15.a6 Nd5
16.axb7 Bxb7 17.Bd2 Nf4 18.O-O Nd3 19.Ra3 Nc5 20.b4 Ne6 21.Nc3 Red8 22.Rd1 Bd6
23.Ra4 Ng5 24.Be2 Bc7 25.Be1 a5 26.Rc1 axb4 27.Rxb4 Ba6 28.Bxa6 Rxa6 29.Rc4 Bd6
30.f4 Ne6 31.Ne4 f5 32.Ng3 g6 33.Rxc6 Rxc6 34.Rxc6 Kf7 35.Ba5 Rd7 36.Ne2 Ke7
37.Bb6 Rb7 38.Bd4 Rb3 39.Kf2 Rd3 40.Rc2 Kd7 41.g3 Rd1 42.Ra2 Bc5 43.Ra4 Nxd4
44.exd4 Bb6 45.Ke3 Rh1 46.h4 Rb1 47.Kd3 Rd1+ 48.Kc2 Re1 49.Kd2 Rb1 50.Ra3 Rb2+
51.Kd3 Rb1 52.Ra8 Rb3+ 53.Kc4 Re3 54.Nc3 Rxg3 55.Nd5 Bd8 56.Ra7+ Ke6 57.Rxh7 Rg1
58.Nc3 Rf1 59.d5+ Kf6 60.Ne2 Rf2 61.Nd4 Rxf4 62.Kd3 Bb6 63.Nc6 Rf1 64.Nb8 Rd1+
65.Kc4 Rd4+ 66.Kb5 Rxd5+ 67.Kxb6 f4 68.Nd7+ Kf5 69.Rf7+ Ke6 70.Kc6 Rd6+ 71.Kc7 Kxf7
72.Kxd6 Kg7 73.Ne5 Kh6 74.Kd5  1/2-1/2

[Event "ch-Africa Open 2013"]
[Site "Tunis TUN"]
[Date "2013.05.24"]
[Round "6.13"]
[White "Oliveira,Luciano"]
[Black "Boudriga,M"]
[Result "0-1"]
[WhiteElo "2189"]
[BlackElo "2234"]

1.d4 d5 2.Nf3 Nf6 3.c4 c6 4.Nc3 e6 5.e3 Nbd7 6.a3 Bd6 7.Bd3 O-O 8.cxd5 exd5
9.O-O Re8 10.Qc2 Qe7 11.b4 a6 12.Bf5 g6 13.Bh3 Ne4 14.Nxe4 dxe4 15.Nd2 Nf6
16.Bxc8 Raxc8 17.h3 Nd5 18.Nc4 Bb8 19.Bb2 b5 20.Na5 Qd6 21.g3 h5 22.h4 Qd7
23.Qe2 Qh3 24.Rfe1 Re6 25.Qf1 Qg4 26.Qe2 Qf5 27.Nb3 Rf6 28.Nd2 Re8 29.Kg2 Bc7
30.Nf1 g5 31.hxg5 Qxg5 32.Nd2 h4 33.g4 Rf3 34.Rg1 Nxe3+ 35.fxe3 Qxg4+  0-1

[Event "TCh-POL Ekstraliga 2013"]
[Site "Wroclaw POL"]
[Date "2013.05.24"]
[Round "1"]
[White "Pieniazek,Ar"]
[Black "Urban,K"]
[Result "1/2-1/2"]
[WhiteElo "2360"]
[BlackElo "2465"]

1.d4 d5 2.c4 e6 3.Nc3 c6 4.e3 Nf6 5.Nf3 Be7 6.Qc2 O-O 7.a3 b6 8.Bd3 Bb7 9.O-O Nbd7
10.b3 Rc8 11.Bb2 h6 12.Rfd1 Qc7 13.Rac1 Rfd8 14.e4 dxe4 15.Nxe4 Nxe4 16.Bxe4 Nf6
17.Ne5 Nxe4 18.Qxe4 c5 19.d5 Bf6 20.Rd3 exd5 21.cxd5 b5 22.Rcd1 Rd6 23.Bc3 Re8
24.f4 Qc8 25.h3 Bd8 26.Rg3 Bf6 27.Rgd3 Qa8 28.Ba5 Bd8 29.Bc3 Bf6 30.Ba5 Bd8
31.Bc3 Bf6 32.Ba5  1/2-1/2

[Event "TCh-POL Ekstraliga 2013"]
[Site "Wroclaw POL"]
[Date "2013.05.24"]
[Round "1"]
[White "Skalik,P"]
[Black "Murdzia,P"]
[Result "0-1"]
[WhiteElo "2372"]
[BlackElo "2462"]

1.d4 d5 2.c4 c6 3.Nc3 Nf6 4.e3 e6 5.Nf3 Nbd7 6.Qc2 Bd6 7.Bd2 O-O 8.h3 Re8
9.O-O-O c5 10.Kb1 a6 11.cxd5 exd5 12.dxc5 Nxc5 13.Nd4 Bd7 14.f3 Rc8 15.Rc1 b5
16.a3 Qb6 17.g4 b4 18.axb4 Ne6 19.Nf5 Bxb4 20.Bd3 g6 21.Nh6+ Kg7 22.Rhg1 Kxh6
23.g5+ Nxg5 24.Rxg5 Bxc3 25.Bxc3 Rxc3 26.Qxc3 Kxg5 27.e4 Kh6  0-1

[Event "Hungarian National Open 2013"]
[Site "Zalakaros HUN"]
[Date "2013.05.24"]
[Round "3"]
[White "Secheres,Ad"]
[Black "Erdos,B"]
[Result "1-0"]
[WhiteElo "2130"]
[BlackElo "2225"]

1.d4 d5 2.c4 c6 3.Nf3 Nf6 4.Nc3 e6 5.e3 Nbd7 6.Qc2 Bd6 7.b3 O-O 8.Be2 dxc4
9.bxc4 e5 10.a4 Re8 11.O-O Qe7 12.c5 Bc7 13.Ba3 exd4 14.exd4 Ba5 15.Bc4 Nf8
16.d5 cxd5 17.Nxd5 Nxd5 18.Bxd5 Be6 19.c6 Qc7 20.cxb7 Qxc2 21.bxa8=Q Rxa8
22.Bxa8 Bb6 23.a5 Bd8 24.Nd4 Qc8 25.Bxf8 Qxa8 26.Nxe6 fxe6 27.Bc5 Bf6 28.Rab1 h5
29.Rfd1 h4 30.h3 Kh7 31.Be3 a6 32.Rb6 Bd8 33.Rxe6 Bxa5 34.Rd4 Bc3 35.Rxh4+ Kg8
36.Rhe4 Qd5 37.Re8+ Kh7 38.Rh4+ Kg6 39.Rhh8 Qd1+ 40.Kh2 Qd6+ 41.g3 a5 42.h4 Be5
43.Ref8 Bf6 44.Ra8 Qd5 45.h5+ Kf7 46.Bb6 Qc6 47.Bxa5 Qc5 48.Be1 Qc1 49.Raf8+ Ke6
50.Re8+ Kf5 51.Ba5 Qb2 52.Kg2 Qb7+ 53.Kg1 Qb1+ 54.Re1 Qb5 55.Bd2 Kg4 56.h6 g5
57.Rf8 Kh3 58.h7 Qb2 59.Bxg5 Qc3 60.Rc1 Qf3 61.h8=Q+  1-0

[Event "Hungarian National Open 2013"]
[Site "Zalakaros HUN"]
[Date "2013.05.24"]
[Round "3"]
[White "Suto,G"]
[Black "Peczely,S"]
[Result "1/2-1/2"]
[WhiteElo "2193"]
[BlackElo "2147"]

1.d4 d5 2.c4 c6 3.Nf3 Nf6 4.Nc3 e6 5.e3 Nbd7 6.Qc2 Bd6 7.g4 dxc4 8.Bxc4 e5
9.g5 Nd5 10.dxe5 Nxe5 11.Nxe5 Bxe5 12.Qe4 Qe7 13.Bxd5 Bxc3+ 14.bxc3 cxd5
15.Qxe7+ Kxe7 16.Ba3+ Kd7 17.O-O-O Kc6 18.Rd4 Be6 19.Rg1 b6 20.h4 Kb7 21.Kd2 Rac8
22.Bd6 Rc6 23.Be5 Rhc8 24.Rf4 g6 25.f3 Rc5 26.Rb1 Bd7  1/2-1/2

[Event "e2e4 Sunningdale Open"]
[Site "Ascot ENG"]
[Date "2013.05.25"]
[Round "3"]
[White "Kisteneva,L"]
[Black "Longson,A"]
[Result "1/2-1/2"]
[WhiteElo "2053"]
[BlackElo "2273"]

1.d4 d5 2.c4 e6 3.Nc3 c6 4.e3 Nf6 5.Nf3 Nbd7 6.Qc2 Bd6 7.b3 O-O 8.Bb2 Qe7
9.Bd3 Re8 10.Ne2 e5 11.dxe5 Nxe5 12.cxd5 Nxd3+ 13.Qxd3 Nxd5 14.O-O f6 15.Ned4 g6
16.Qc4 Bd7 17.Nb5 Bb8 18.Ba3 Qe6 19.Nbd4 Qf7 20.Rfd1 a6 21.Qc2 Bc7 22.Rac1 Rad8
23.h3 Ba5 24.Nd2 Bc8 25.Ne4 Bc7 26.Nc3 Bb8 27.Bc5 Bc7 28.Ba3 Nxc3 29.Qxc3 Be6
30.Nxe6 Qxe6 31.Bb2 Be5 32.Qc2 Kf7 33.Bxe5 Qxe5 34.Rxd8 Rxd8 35.Rd1 Rxd1+
36.Qxd1 Ke7 37.Qc2 Qa1+ 38.Kh2 Qe5+ 39.Kg1 Qa1+  1/2-1/2

[Event "22nd TCh-CRO Cup 2013"]
[Site "Bol na Bracu CRO"]
[Date "2013.05.25"]
[Round "5.114"]
[White "Milevoj,C"]
[Black "Herljevic,Romana"]
[Result "1-0"]
[WhiteElo "1922"]
[BlackElo "1881"]

1.d4 d5 2.c4 e6 3.Nc3 Nf6 4.Nf3 c6 5.e3 Nbd7 6.Bd3 Bb4 7.O-O O-O 8.Qe2 c5
9.Rd1 Bxc3 10.bxc3 b6 11.cxd5 exd5 12.c4 cxd4 13.exd4 dxc4 14.Bxc4 Bb7 15.Ne5 Nd5
16.Qh5 N7f6 17.Qh4 b5 18.Bd3 Nc3 19.Bg5 Qd5 20.f3 Nxd1 21.Bxf6 h5 22.Rxd1 gxf6
23.Qxf6 Rac8 24.Be4 Qxa2 25.Bxb7 Rc2 26.Qg5+  1-0

[Event "e2e4 Sunningdale Open"]
[Site "Ascot ENG"]
[Date "2013.05.26"]
[Round "4"]
[White "Truman,R"]
[Black "Staniforth,Matthew"]
[Result "1-0"]
[WhiteElo "1916"]
[BlackElo "1940"]

1.d4 d5 2.c4 c6 3.Nf3 Nf6 4.Nc3 e6 5.e3 Nbd7 6.Bd3 dxc4 7.Bxc4 b5 8.Bd3 Bd6
9.O-O O-O 10.e4 e5 11.Bg5 Bb7 12.dxe5 Nxe5 13.Nxe5 Bxe5 14.f4 Bd4+ 15.Kh1 Qd7
16.Bxf6 Bxf6 17.e5 Be7 18.Bxh7+  1-0

[Event "2nd Salento Open"]
[Site "Gallipoli ITA"]
[Date "2013.05.26"]
[Round "2.17"]
[White "Agrifoglio,F"]
[Black "Messina,R"]
[Result "0-1"]
[WhiteElo "1965"]
[BlackElo "1998"]

1.d4 d5 2.c4 c6 3.Nc3 Nf6 4.Nf3 e6 5.e3 Nbd7 6.Bd3 dxc4 7.Bxc4 b5 8.Be2 Bd6
9.Qc2 Bb7 10.a3 O-O 11.Bd2 Rc8 12.b4 a6 13.h3 Re8 14.O-O e5 15.Rfe1 e4 16.Nh2 Qc7
17.Nf1 Nb6 18.Rec1 Re6 19.Qa2 Nfd5 20.Bg4 Rg6 21.Nxd5 Nxd5 22.Bxc8 Qxc8 23.Qxd5 cxd5
24.Rxc8+ Bxc8 25.Kh1 Bd7 26.Rc1 f5 27.Rc2 Rh6 28.Ng3 g5 29.Kg1 f4 30.exf4 gxf4
31.Ne2 Rf6 32.Kh1 f3 33.Ng1 Bf5 34.Be3 Rg6 35.g4 Bxg4 36.Rc6 Bd7 37.Rxa6 Kf7
38.Ra7 Ke7 39.Ra8 Rg2 40.Nxf3 exf3 41.Rh8 Rh2+ 42.Kg1 Rxh3 43.Bg5+ Kf7 44.Rd8 Ke6
45.Rg8 Bh2+ 46.Kf1 Be5  0-1

[Event "TCh-SUI 2013"]
[Site "Switzerland SUI"]
[Date "2013.05.26"]
[Round "3.7"]
[White "Almada,E"]
[Black "Lombard,A"]
[Result "1/2-1/2"]
[WhiteElo "2330"]
[BlackElo "2356"]

1.d4 d5 2.c4 c6 3.Nf3 Nf6 4.e3 e6 5.Nc3 Nbd7 6.Bd3 dxc4 7.Bxc4 b5 8.Bd3 Bb7
9.a3 Bd6 10.O-O O-O 11.b4 a5 12.Rb1 axb4 13.axb4 Qe7 14.Qb3 Nd5 15.Nxd5 exd5
16.Re1 Nf6 17.Bd2 Ne4 18.Re2 Nxd2 19.Nxd2 Ra4 20.Qc2 Rxb4 21.Bxh7+ Kh8 22.Bd3 Rxb1+
23.Qxb1 Qc7 24.Nf3 Ra8 25.e4 b4 26.Qe1 Bf8 27.exd5 cxd5 28.Ng5 Qc3 29.Qxc3 bxc3
30.f4 f6 31.Ne6 Ba3 32.Kf2 Bc1 33.Rc2 Bd2 34.f5 Bc6 35.Nc5 Rb8 36.Ra2 Be8
37.h3 Kh7 38.Ra7 Bh6 39.Ra2 Bb5 40.Ke2 Bc4 41.Bxc4 dxc4 42.Rc2 Rb2 43.Kd1 Rb1+
44.Ke2 Bd2 45.Na4 Rb3 46.g4 g6 47.fxg6+ Kxg6 48.d5 Kf7 49.d6 Ke6 50.d7 Kxd7
51.Rxd2+ cxd2 52.Nc5+ Ke7 53.Nxb3 cxb3 54.Kxd2 f5 55.gxf5  1/2-1/2

[Event "Chess Ladies Vienna"]
[Site "Vienna AUT"]
[Date "2013.05.26"]
[Round "9.2"]
[White "Kostiuk,T"]
[Black "Kopinits,A"]
[Result "1-0"]
[WhiteElo "2321"]
[BlackElo "2254"]

1.d4 d5 2.c4 c6 3.Nf3 Nf6 4.e3 e6 5.Nc3 Nbd7 6.Qc2 Bd6 7.Bd3 O-O 8.O-O dxc4
9.Bxc4 b5 10.Bd3 Bb7 11.h3 a6 12.e4 e5 13.dxe5 Nxe5 14.Nxe5 Bxe5 15.Be3 Bd4
16.Bxd4 Qxd4 17.Rad1 Qc5 18.Kh2 Rfe8 19.f4 Qh5 20.Kg1 Qc5+ 21.Qf2 Qxf2+ 22.Rxf2 b4
23.Na4 Nxe4 24.Bxe4 Rxe4 25.Rd7 b3 26.axb3 Rb8 27.Nc5 Rb4 28.Rfd2 g6 29.Rd8+ Rxd8
30.Rxd8+ Kg7 31.Rb8 Rb5 32.b4 Bc8 33.Rxc8 Rxb4 34.b3 Rxf4 35.Rxc6 Rb4 36.Rxa6 Rb5
37.Rc6 h5 38.Kf2 Kh6 39.Ke3 f5 40.Kd3 Rb4 41.Kc3 Rf4 42.Rd6  1-0

[Event "TCh-POL Ekstraliga 2013"]
[Site "Wroclaw POL"]
[Date "2013.05.26"]
[Round "3"]
[White "Schmidt,Wl"]
[Black "Mastrovasilis,D"]
[Result "1-0"]
[WhiteElo "2370"]
[BlackElo "2610"]

1.d4 d5 2.c4 e6 3.Nc3 c6 4.e3 Nf6 5.Nf3 Nbd7 6.Qc2 Bd6 7.Bd3 O-O 8.O-O dxc4
9.Bxc4 e5 10.Rd1 Qe7 11.e4 a6 12.h3 b5 13.Bf1 Re8 14.Be3 Bb7 15.a3 exd4 16.Nxd4 Be5
17.Nf5 Qe6 18.f3 c5 19.Qf2 g6 20.Nh6+ Kg7 21.Ng4 Nxg4 22.hxg4 c4 23.g5 Rad8
24.Rd2 Bc7 25.a4 b4 26.Nd5 Bxd5 27.Rxd5 Ne5 28.Bd4 Kf8 29.Rd1 Rxd5 30.exd5 Qe7
31.f4 Nd3 32.Bxd3 cxd3 33.Rxd3 Qe4 34.Re3 Qxd5 35.Bg7+ Kxg7 36.Rxe8 Qd6 37.Kh1 Bb6
38.Qe1 Qxf4 39.Qe5+ Qxe5 40.Rxe5 a5 41.Re8 h6 42.Rb8 Bc7 43.Rb7 Be5 44.gxh6+ Kxh6
45.b3  1-0

[Event "ZANOS 2013"]
[Site "Novi Sad/Vukovar SRB/CRO"]
[Date "2013.05.27"]
[Round "3.3"]
[White "Colovic,A"]
[Black "Pucovski,M"]
[Result "1-0"]
[WhiteElo "2488"]
[BlackElo "2294"]

1.d4 d5 2.c4 c6 3.Nc3 Nf6 4.Nf3 e6 5.e3 Nbd7 6.Qc2 Bd6 7.e4 dxe4 8.Nxe4 Nxe4
9.Qxe4 e5 10.c5 Bc7 11.Bd3 f5 12.Qxf5 Nf6 13.Qg5 e4 14.O-O Be6 15.Re1 O-O
16.Bxe4 Nxe4 17.Qxd8 Raxd8 18.Rxe4 Bd5 19.Re7 Bxf3 20.Rxc7  1-0

[Event "Hungarian National Open 2013"]
[Site "Zalakaros HUN"]
[Date "2013.05.27"]
[Round "6"]
[White "Lechtynsky,J"]
[Black "Berczes,D"]
[Result "0-1"]
[WhiteElo "2361"]
[BlackElo "2532"]

1.d4 d5 2.c4 e6 3.Nf3 Nf6 4.Nc3 c6 5.e3 Nbd7 6.Qc2 Bd6 7.b3 O-O 8.Be2 b6
9.O-O Bb7 10.Bb2 c5 11.cxd5 exd5 12.Rad1 Qe7 13.Qf5 Qe6 14.Bd3 h6 15.Rfe1 Rac8
16.dxc5 bxc5 17.Ne2 Qe7 18.Rc1 g6 19.Qh3 h5 20.Nf4 Ne4 21.Red1 d4 22.Bc4 Nxf2
23.Kxf2 Qxe3+ 24.Kf1 Qxf4 25.Qxd7 Bxf3 26.gxf3 Qxf3+ 27.Kg1 Rcd8 28.Qa4 Qg4+
29.Kf2 Qf4+ 30.Kg2 Qxh2+ 31.Kf3 Rde8  0-1

[Event "2nd Salento Open"]
[Site "Gallipoli ITA"]
[Date "2013.05.28"]
[Round "5"]
[White "Naumkin,I"]
[Black "Al Hageri,B"]
[Result "1-0"]
[WhiteElo "2453"]
[BlackElo "2019"]

1.d4 d5 2.c4 c6 3.Nf3 Nf6 4.Nc3 e6 5.e3 Nbd7 6.Qc2 Bd6 7.Bd3 O-O 8.O-O dxc4
9.Bxc4 Qe7 10.h3 e5 11.Bb3 Bc7 12.Nh4 Nb6 13.dxe5 Qxe5 14.f4 Qc5 15.Nd5 Qxc2
16.Nxf6+ gxf6 17.Bxc2 Nd5 18.Bd2 Bb6 19.Rae1 Bd7 20.Kh2 Ne7 21.e4 Bd4 22.Nf3 Bxb2
23.Rb1 Ba3 24.Rxb7 Be6 25.Nd4 Rfd8 26.Bc3 Bc4 27.Rf3 Ba6 28.Rxe7 Bxe7 29.Nxc6 Rd7
30.Nxe7+ Rxe7 31.Bxf6 Rc7 32.Rg3+ Kf8 33.Bb3 Bb7 34.f5 Rac8 35.e5 Be4 36.e6 Bxf5
37.Bg7+ Ke8 38.exf7+ Rxf7 39.Bxf7+ Kxf7 40.Bc3 Rc4 41.a3 Ra4 42.Rg7+ Ke6
43.Bb4 Bc2 44.Re7+ Kf6 45.Rc7 Bg6 46.g4 Ke5 47.Kg3 Kd4 48.h4 a5 49.Bf8 Rc4
50.Ra7 a4 51.h5 Bc2 52.g5 Ke5 53.g6 Rc8 54.g7 Bb3 55.Rxa4 Rc3+ 56.Kh4 Kf6
57.Rf4+ Ke5 58.Rg4 Bg8 59.Bb4 Rc6 60.a4 Kf5 61.Rg5+ Kf6 62.Bc5 Kf7 63.Bf8 Rc4+
64.Rg4 Kf6 65.Rxc4 Bxc4 66.a5 h6 67.a6 Kf7 68.a7 Bd5 69.Kg3 Kg8 70.Kf4 Ba8
71.Ke5 Bh1 72.Kd6 Ba8 73.Kc7 Bh1 74.Kb8 Bg2 75.a8=Q Bxa8 76.Kxa8 Kh7 77.Kb7 Kg8
78.Kc6 Kh7 79.Kd6 Kg8 80.Ke6 Kh7 81.Kf5 Kg8 82.Kf6 Kh7 83.g8=Q+ Kxg8 84.Bxh6 Kh7
85.Be3 Kh8 86.Kg6  1-0

[Event "2nd Salento Open"]
[Site "Gallipoli ITA"]
[Date "2013.05.29"]
[Round "6.12"]
[White "Alkhaldi,Bader"]
[Black "Messina,R"]
[Result "0-1"]
[WhiteElo "1997"]
[BlackElo "1998"]

1.d4 d5 2.c4 c6 3.Nc3 Nf6 4.e3 e6 5.Nf3 Nbd7 6.Qc2 b6 7.Bd3 Bb7 8.O-O Be7
9.Rd1 Qc7 10.b3 Rd8 11.a4 O-O 12.a5 dxc4 13.bxc4 bxa5 14.e4 e5 15.d5 Nc5
16.Bf1 Bd6 17.h3 Rfe8 18.Bg5 cxd5 19.Bxf6 gxf6 20.Nb5 Qb6 21.cxd5 Bb8 22.Nh4 a6
23.Na3 Nb3 24.Nc4 Nxa1 25.Rxa1 Qd4 26.Rd1 Qc5 27.Qe2 Bc8 28.Qh5 Ba7 29.Rd2 Qe7
30.Be2 Kh8 31.Bg4 Rg8 32.Bf5 Bxf5 33.Nxf5 Qf8 34.Qh4 Rg5 35.Nxe5 Rxf5 36.Ng4 Rf4
37.e5 fxe5 38.Qh5 Rxg4 39.hxg4 Qg7 40.Qf5 Bd4 41.Re2 Qg6 42.Qf3 Rd6 43.g5 Qxg5
44.Qh3 Qc1+  0-1

[Event "ZANOS 2013"]
[Site "Novi Sad/Vukovar SRB/CRO"]
[Date "2013.05.29"]
[Round "5.2"]
[White "Colovic,A"]
[Black "Adam,V"]
[Result "1-0"]
[WhiteElo "2488"]
[BlackElo "2407"]

1.d4 d5 2.c4 c6 3.Nc3 Nf6 4.Nf3 e6 5.e3 Bd6 6.Bd3 O-O 7.e4 dxe4 8.Nxe4 Bb4+
9.Bd2 Bxd2+ 10.Qxd2 Nbd7 11.O-O Qc7 12.Nxf6+ Nxf6 13.c5 Rd8 14.Rac1 Bd7 15.Rfd1 Be8
16.Qe3 h6 17.Ne5 b5 18.Bb1 Rd5 19.a3 a5 20.Ba2 Rdd8 21.Qf3 Rxd4 22.Rxd4 Qxe5
23.Qe3 Qxe3 24.fxe3 Kf8 25.Kf2 e5 26.Rdd1 Ke7 27.h3 Bd7 28.Kf3 Bf5 29.Bb1 e4+
30.Kf4 Bg6 31.g4 Ra7 32.Ba2 Rc7 33.Rd2 Nd7 34.b4 axb4 35.axb4 Ra7 36.Bb3 f6
37.Bc2 Ra2 38.Rcd1 Ne5 39.Bxe4 Ra4 40.Bxg6 Nxg6+ 41.Kg3 Ne5 42.Rd4 g5 43.Rf1 Ra3
44.Rd6 Rxe3+ 45.Kg2 Nd3 46.Rfxf6 Nf4+ 47.Kf2  1-0

[Event "2nd Salento Open"]
[Site "Gallipoli ITA"]
[Date "2013.05.30"]
[Round "7"]
[White "Naumkin,I"]
[Black "Horvath,Cs1"]
[Result "1/2-1/2"]
[WhiteElo "2453"]
[BlackElo "2516"]

1.d4 d5 2.c4 c6 3.Nf3 Nf6 4.Nc3 e6 5.e3 Nbd7 6.Qc2 Bd6 7.Bd3 O-O 8.O-O dxc4
9.Bxc4 b5 10.Be2 Bb7 11.a3 Re8 12.h3 a6 13.b4 a5 14.Rb1 axb4 15.axb4 Qe7
16.e4 e5 17.Be3 Bxb4 18.dxe5 Nxe5 19.Nxe5 Bxc3 20.Nxc6 Bxc6 21.Qxc3 Bxe4
22.Rxb5 Nd5  1/2-1/2

[Event "6th Mayors Cup 2013"]
[Site "Mumbai IND"]
[Date "2013.05.30"]
[Round "3"]
[White "Kulkarni,C"]
[Black "Fodor,T jr"]
[Result "1/2-1/2"]
[WhiteElo "2268"]
[BlackElo "2475"]

1.Nf3 d5 2.d4 Nf6 3.c4 c6 4.e3 e6 5.Nc3 Nbd7 6.Be2 dxc4 7.Bxc4 b5 8.Bd3 Bd6
9.O-O O-O 10.a4 b4 11.Ne4 Nxe4 12.Bxe4 Bb7 13.b3 f5 14.Bd3 c5 15.Bb2 cxd4
16.Bc4 Rf6 17.Bxd4 Rg6 18.g3 Kh8 19.Bb5 Nf6 20.Bxf6 Rxf6 21.Rc1 Qb6 22.Nd2 Bc5
23.Nc4 Qc7 24.Qd7 Qxd7 25.Bxd7 Bd5 26.Na5 Bb6 27.Bc6 Rb8  1/2-1/2

[Event "Hungarian National Open 2013"]
[Site "Zalakaros HUN"]
[Date "2013.05.30"]
[Round "9"]
[White "Berczes,D"]
[Black "Gonda,L"]
[Result "1/2-1/2"]
[WhiteElo "2532"]
[BlackElo "2524"]

1.d4 d5 2.Nf3 Nf6 3.c4 e6 4.Nc3 c6 5.e3 Nbd7 6.Qc2 Bd6 7.g4 h6 8.Bd2 dxc4
9.Bxc4 b5 10.Be2 Bb7 11.e4 c5 12.Nxb5 Be7 13.e5 Ne4 14.O-O a6 15.Nc3 Nxd2
16.Qxd2 h5 17.g5 Bxf3 18.Bxf3 Bxg5 19.Qe2 Ra7 20.dxc5 Bf4 21.Bg2 Qh4  1/2-1/2

[Event "French Top 12 2013"]
[Site "Haguenau FRA"]
[Date "2013.05.31"]
[Round "2.1"]
[White "Miton,K"]
[Black "Jakovenko,D"]
[Result "0-1"]
[WhiteElo "2624"]
[BlackElo "2731"]

1.d4 d5 2.c4 c6 3.Nc3 Nf6 4.e3 e6 5.Nf3 Nbd7 6.Qc2 Bd6 7.Be2 O-O 8.O-O b6
9.b3 Bb7 10.Bb2 Qe7 11.Rad1 Rad8 12.Rfe1 c5 13.cxd5 exd5 14.Bd3 Ne4 15.dxc5 Ndxc5
16.Bf1 Bb8 17.Ba3 Qf6 18.Bxc5 Nxc5 19.Nd4 Rc8 20.Qf5 Qd6 21.g3 g6 22.Qb1 Qe7
23.Bh3 Ne6 24.Nce2 Qf6 25.Nf4 Bxf4 26.gxf4 Rce8 27.Qa1 Nc5 28.Nf3 Qe7 29.Bg2 Ne4
30.Ne5 f6 31.Nf3 Rf7 32.Nd2 Nd6 33.Nb1 Qe6 34.Nc3 d4 35.exd4 Qg4 36.Rxe8+ Nxe8
37.d5 Qxf4 38.Qc1 Qxc1 39.Rxc1 Rc7 40.Kf1 Nd6 41.Ke2 Nb5 42.Kd2 Rxc3 43.Rxc3 Nxc3
44.Kxc3 Kf7 45.Kd4 Bc8 46.Be4 Ke7 47.Bd3 Kd6 48.b4 Bg4 49.Be4 Bd1 50.Bg2 h6
51.Be4 f5 52.Bg2 g5 53.a3 Bb3 54.Bh3 g4 55.Bg2 h5 56.h4 Bd1 57.Bh1 Bc2 58.Kc3 Bb1
59.Kd4 f4 60.Bg2 Bc2 61.Kc3 Bd1 62.Be4 Ke5 63.Kd3 Bb3 64.Bg6 Bxd5 65.Bxh5 Kf5
66.Ke2 Bc4+ 67.Ke1 f3 68.Kd2 Kf4 69.Kc3 Be2 70.Kd4 g3 71.fxg3+ Kxg3 72.Ke3 Bd1
73.Be8 a6 74.Bf7 Ba4 75.h5 f2 76.Bc4 Bb5 77.h6 Bxc4 78.h7 f1=Q 79.h8=Q Qf4+  0-1

[Event "35th Nezhmetdinov Cup"]
[Site "Kazan RUS"]
[Date "2013.05.31"]
[Round "1.37"]
[White "Smirnov,Alexey"]
[Black "Kaliadzich,M"]
[Result "1-0"]
[WhiteElo "2413"]
[BlackElo "1982"]

1.d4 d5 2.Nf3 Nf6 3.c4 e6 4.Nc3 c6 5.e3 Nbd7 6.Bd3 dxc4 7.Bxc4 b5 8.Bd3 a6
9.e4 c5 10.d5 Qc7 11.dxe6 fxe6 12.O-O c4 13.Bc2 Bd6 14.Ng5 Nb6 15.e5 Bxe5
16.Nce4 Nbd5 17.Nxf6+ Nxf6 18.Qf3 Rb8 19.Re1 O-O 20.Nxh7 Bb7 21.Qh3 Bd5 22.Nxf8 Rxf8
23.Bg6  1-0

[Event "Icelandic Open Championship 2013"]
[Site "Reykjavik ISL"]
[Date "2013.05.31"]
[Round "1.3"]
[White "Stefansson,H"]
[Black "Fridgeirsson,D"]
[Result "1-0"]
[WhiteElo "2507"]
[BlackElo "1782"]

1.d4 d5 2.c4 c6 3.Nc3 Nf6 4.e3 e6 5.Nf3 Nbd7 6.Qc2 Be7 7.Bd3 dxc4 8.Bxc4 b5
9.Bd3 a6 10.Ne4 Qb6 11.Bd2 c5 12.dxc5 Nxc5 13.Nxc5 Qxc5 14.Qxc5 Bxc5 15.Ke2 Bb7
16.a4 b4 17.Rhc1 Nd7 18.a5 Ke7 19.Rc4 Rhb8 20.e4 Bc8 21.Bf4 Rb7 22.Ne5 Nxe5
23.Bxe5 Bd6 24.Bxd6+ Kxd6 25.e5+ Kxe5 26.Be4 Rab8 27.f4+ Kf6 28.Rxc8 Rxc8
29.Bxb7 Rc2+ 30.Kd3 Rxb2 31.Bxa6 Rf2 32.Kc4 Rxf4+ 33.Kb3  1-0

[Event "La Punta Closed 2013"]
[Site "San Luis ARG"]
[Date "2013.05.31"]
[Round "8.4"]
[White "Ricardi,P"]
[Black "Contin,D"]
[Result "1-0"]
[WhiteElo "2481"]
[BlackElo "2349"]

1.d4 d5 2.c4 c6 3.Nf3 Nf6 4.Nc3 e6 5.e3 Nbd7 6.Qc2 Bd6 7.e4 Nxe4 8.Nxe4 dxe4
9.Qxe4 h6 10.Bd2 Qe7 11.O-O-O Rb8 12.Bd3 Nf6 13.Qh4 Rg8 14.h3 b5 15.c5 Bc7
16.Rhe1 b4 17.Kc2 a5 18.Ne5 Bxe5 19.Rxe5 Qa7 20.Qg3 a4 21.Bc4 Ba6 22.Bxa6 b3+
23.axb3 axb3+ 24.Kc1 Rb5 25.Bg5 Qxa6 26.Bxf6 Rb4 27.Re3 Qa1+ 28.Kd2 Qxb2+
29.Ke1 Qc2 30.d5 cxd5 31.Qd6 gxf6 32.Rxd5 Qc1+ 33.Rd1 Qxd1+ 34.Qxd1 Rxg2
35.Kf1 Rg5 36.c6 Rc4 37.Rxb3 Rd5 38.Rb8+ Ke7 39.Qb1 Rxc6 40.Qb7+ Kd6 41.Rd8+ Kc5
42.Rb8 Kd6 43.Qxf7 Rf5 44.Qf8+ Ke5 45.Rb5+ Ke4 46.Qb4+ Kd3 47.Qb1+ Kc4 48.Qb3+ Kd4
49.Qe3+ Kc4 50.Rxf5 exf5 51.Qf4+ Kc5 52.Qxf5+ Kb6 53.h4  1-0

[Event "35th Nezhmetdinov Cup"]
[Site "Kazan RUS"]
[Date "2013.06.01"]
[Round "2.29"]
[White "Maiorov,N1"]
[Black "Krotiuk,Daria"]
[Result "1-0"]
[WhiteElo "2535"]
[BlackElo "1916"]

1.d4 d5 2.c4 c6 3.Nc3 Nf6 4.e3 e6 5.Nf3 Nbd7 6.Qc2 Bd6 7.b3 Qe7 8.Be2 b6
9.O-O O-O 10.Bb2 Bb7 11.Rac1 Rac8 12.Qb1 a6 13.Rfd1 Rfd8 14.a4 Bb4 15.Bf1 c5
16.cxd5 Nxd5 17.Na2 cxd4 18.Nxb4 Nxb4 19.Nxd4 Nc5 20.Ba3 Nd5 21.Rc4 Nf6 22.Rdc1 Nfe4
23.Nf3 Qd7 24.a5 Bd5 25.R4c2 Nxb3 26.Ne5 Qb7 27.Rxc8 Rxc8 28.Rxc8+ Qxc8 29.axb6 Ned2
30.Qd3 Nxf1 31.e4 Bb7 32.Kxf1 Na5 33.f3 f6 34.Qd2 Nc4 35.Nxc4 Qxc4+ 36.Kf2 Qc8
37.g4 h6 38.h4 Qe8 39.Bb2 Qe7 40.Kg3 Kf7 41.e5 fxe5 42.Bxe5 Bd5 43.Qc3 g6
44.Qd2 g5 45.Qd3 gxh4+ 46.Kh3 Ke8 47.f4 Qf7 48.Qxa6 Qd7 49.Kxh4 Be4 50.Qc4 Bd5
51.Qc5 Kf7 52.Qc7 Qe7+ 53.Qxe7+ Kxe7 54.Kh5 Kf7 55.Kxh6 Be4 56.g5 Bd5 57.g6+ Kg8
58.Kg5 Bb7 59.Kf6 Bd5 60.Ke7  1-0